| 000 | 00832cam a2200265 a 4500 | ||
|---|---|---|---|
| 001 | 15358007 | ||
| 005 | 20180213032918.0 | ||
| 008 | 080708s2009 mauab r 001 0 eng d | ||
| 010 | _a 2008932661 | ||
| 020 | _a9780312485825 (pbk.) | ||
| 020 | _a0312485824 (pbk.) | ||
| 035 | _a(OCoLC)ocn230197836 | ||
| 040 |
_aBTCTA _cBTCTA _dBAKER _dBYN _dOUB _dDLC |
||
| 041 | _aeng | ||
| 042 | _alccopycat | ||
| 080 | _a941 | ||
| 082 | _2941 LEH | ||
| 100 | 1 | _a16 | |
| 101 | _aHIS | ||
| 245 | 1 | 0 |
_aWorld history matters : _cKristin Lehner, Kelly Schrum, T. Mills Kelly. |
| 906 |
_a7 _bcbc _ccopycat _d2 _encip _f20 _gy-gencatlg |
||
| 942 |
_2ddc _cBK |
||
| 999 |
_c42329 _d42329 |
||